NBA Players by Picture - Georgia - Statistics

General Stats
  • This quiz has been taken 16 times
  • The average score is 3 of 9
Answer Stats
Picture Answer % Correct
Zaza Pachulia
80%
Goga Bitadze
73%
Sandro Mamukelashvili
73%
Jacob Pullen
13%
Nikoloz Tskitishvili
13%
Tornike Shengelia
13%
Vladimir Stepania
7%
Shammond Williams
0%
Taurean Green
0%
No matching quizzes found
Score Distribution
Percent of People with Each Score
Percentile by Number Answered
Your Score History
You have not taken this quiz